00488nam a2200181Ia 4500999001700000003000400017005001700021008004100038020001500079040000900094082001800103100002700121245003900148260004200187300000900229650002600238942004200264 c13335d13335OSt20201027102921.0190216s9999||||xx |||||||||||||| ||und|| a0450390268 coclc a813.54bROB/S aRobbins, Harold 95692 4aThe Story Teller /cHarold Robbins bNew English Library ,c1986.aLondon: a102p aEnglish Short Stories cBK2ddch813.54iROB/Sk813.54mROB/S